000 00594nam a22001937a 4500
999 _c172309
_d172309
005 20200203124513.0
010 _aENG-127589
020 _a9789388322584
_c350.00
035 _aEN-111121
037 _bDBAD/PUB
082 _a363.45
100 _aLal,Aloke
245 _aThe Barabanki narcos Busting India's most notorious drug cartel /
_bby Aloke Lal
260 _aGurugram
_bHachette India
_c2019
270 _bGurugram
_a4th & 5th floor , corporate centre, plot no-94,sector-44
_e122003
300 _a190p.
_b19cm(hb)
500 _a
942 _2ddc
_cEN
_h363.45
_mLAL